MARC

LEADER 00000nam0a2200000 4500
001 123933
005 20250708131450.0
010 |a 5278000570 
035 |a (RuTPU)RU\TPU\book\134125 
090 |a 123933 
100 |a 20071025d1988 km y0rusy50 ca 
101 0 |a rus 
102 |a RU 
105 |a a z 000zy 
200 1 |a Найденное время  |f Н. Б. Коростелев,  
210 |a Москва  |c Физкультура и спорт  |d 1988 
215 |a 224 с.  |c ил. 
333 |a Исключено из фонда НТБ ТПУ 
610 1 |a физкультура 
610 1 |a спорт 
610 1 |a время 
610 1 |a здоровье 
610 1 |a работоспособность 
610 1 |a неврозы 
610 1 |a болельщики 
675 |a 796  |v 3 
700 1 |a Коростелев  |b Н. Б.  |g Николай Борисович 
801 1 |a RU  |b 63413507  |c 20071025  |g PSBO 
850 |a 63413507 
942 |c BK